Physics from Symmetry /

Salvato in:
Dettagli Bibliografici
Autore principale: Schwichtenberg, Jakob (Autore)
Natura: Libro
Lingua:inglese
Pubblicazione: Cham Springer 2015
Serie:Undergraduate Lecture Notes in Physics
Soggetti:
Tags: Aggiungi Tag
Nessun Tag, puoi essere il primo ad aggiungerne!!

MARC

LEADER 00000nam a22000003a 4500
001 0030110
003 SK-STU
005 20180115092839.7
007 ta
008 180115s ----xo-----e------000-0-----d
020 |a 978-3-319-19200-0 
022 |a 2192-4791 
040 |a STU  |b slo 
041 0 |a eng 
044 |a sz 
100 1 |a Schwichtenberg, Jakob  |4 aut 
245 1 0 |a Physics from Symmetry /  |c aut. Jakob Schwichtenberg 
260 |a Cham  |b Springer  |c 2015 
300 |a 279 s. 
490 0 |a Undergraduate Lecture Notes in Physics 
650 0 7 |a fyzika 
996 |b 284M087565  |c M* 14063-1  |l MMKN  |s A  |a 24  |w 0030110_0001